header

Devolution and Black state legislators (Record no. 188079)

MARC details
000 -LEADER
fixed length control field 01984nam a2200457Ia 4500
082 04 - DEWEY DECIMAL CLASSIFICATION NUMBER
Classification number 328.73/0089/96073
100 1# - MAIN ENTRY--AUTHOR NAME
Personal name King-Meadows, Tyson,
245 10 - TITLE STATEMENT
Title Devolution and Black state legislators
260 ## - PUBLICATION, DISTRIBUTION, ETC. (IMPRINT)
Place of publication Albany :
Name of publisher State University of New York Press,
Year of publication c2006.
300 ## - PHYSICAL DESCRIPTION
Number of Pages xvi, 302 p. :
Other physical details ill.
490 1# - SERIES STATEMENT
Series statement SUNY series in African American studies
650 #0 - SUBJECT ADDED ENTRY--TOPICAL TERM
Topical Term Legislative bodies
Topical Term African American legislators.
Topical Term African Americans
Topical Term Representative government and representation
Topical Term Decentralization in government
Topical Term Local government
Topical Term Federal government
700 1# - ADDED ENTRY--PERSONAL NAME
Personal name Schaller, Thomas F.
856 40 - ELECTRONIC LOCATION AND ACCESS
Uniform Resource Identifier http://site.ebrary.com/lib/rucke/Doc?id=10579165

No items available.

© 2026 Rongo University
Contact us: librarian | system librarian | Rongo university